Pokémon - Les attaques de Sylveroy - Statistiques

Statistiques générales
  • Ce quiz a été pris 11 fois
  • Le résultat moyen est 9 sur 15
Statistiques - réponses
Niveaux Types Noms des attaques % Correct
Départ Psy Choc Mental
100%
Niveau 16 Plante Giga-Sangsue
100%
Départ Plante Méga-Sangsue
100%
Niveau 56 Psy Psyko
100%
Niveau 24 Psy Choc Psy
86%
Niveau 8 Eau Fontaine de Vie
86%
Niveau 48 Plante Éco-Sphère
71%
Niveau 88 Psy Prescience
71%
Niveau 64 Plante Vampigraine
71%
Niveau 40 Plante Aromathérapie
43%
Niveau 80 Plante Lance-Soleil
43%
Départ Normal Croissance
29%
Niveau 72 Psy Vibra Soin
29%
Départ Normal Écras'Face
14%
Niveau 32 Normal Coup d'Main
0%
Aucun quiz correspondant
Distribution des résultats
% des personnes avec chaque résultat
Percentile par nombre de réponses
Votre historique - résultats
Vous n’avez pas pris ce quiz